000 00745nam a2200205 i 4500
001 50940
003 ES-MaACL
005 20230906162250.0
007 t|
008 030807s1973 sp ||||1| spa d
100 1 _aChampetier, Georges.
_937916
245 1 0 _aIntroducción a la química macromolecular /
_cGeorges Champetier, Lucien Monnerie ; traducción Issa A. Katime Amashta, Luis Manuel León Isidro, Luis de los Santos Merelles.
260 _aMadrid :
_bEspasa-Calpe,
_c1973.
300 _a784 p. :
_bil. ;
_c25 cm.
700 1 _aMonnerie, Lucien.
_982240
700 1 _aKatime Amashta, Issa A.
_967620
700 1 _aLeón Isidro, Manuel.
_971626
700 1 _aSantos Merelles, Luis de.
_9103515
852 _aES-MaACL
_jC-55053
_bR.87563
999 _c50940
_d50940